000 00858nam a22002655i 4500
001 176183
003 ES-MaACL
005 20230906220020.0
008 101222s1976 sp a |||| | spa d
020 _a84-345-1507-5
080 _a616.15
245 0 0 _aPolicitemia y mielofibrosis /
_cdirector, Aage Videbaek ; consejo editorial H. G. Lasch... [et al.].
260 _aBarcelona [etc.] :
_bSalvat,
_cimp. 1976.
300 _aIX, 232 p. :
_bil. ;
_c25 cm.
490 1 _aClínica hematológica ;
_v3/2
500 _aÍndice.
504 _aBibliografía.
650 0 4 _aSangre-
_xEnfermedades.
_916982
650 4 _aHematología.
_913300
700 1 _aVidebaek, Aage.
_9144473
700 1 _aLasch, Hans-Gotthard.
_9144469
830 0 _aClínica hematológica ;
_v3/2
_9187616
852 _aES-MaACL
_jE-13860
_xOlim P-372
999 _c176183
_d176183